00796nam a2200181 a 4500003000200000005001700002008004100019050002700060100002300087245015800110260009200268300004000360504004100400650004800441650004000489650004300529650004200572020250414134923.0970101s19uu xx 00 eng d aPGS HV 4708b.J76 2004 aJones, Jennifer M. aThe perception of grade five students of Southville International School and Colleges on the reasons and methods of killing animals /cJennifer M. Jones. aLas Piñas City, Philippines : bSouthville International School and Colleges,c2004. a32 pages :billustrations ;c28 cm. aIncludes bibliographical references. aAnimal welfare.vMoral and ethical aspects. aChildrenvAttitudes toward animals. aAnimal crueltyvPsychological aspects. aChildrenvAwareness of animal rights.